000 02094cam a22005414i 4500
003 PE-LiUPU
005 20250731165441.0
008 110315s2008 ag a rb 000 0 spa d
020 _a9508085487
020 _a9789508085481
035 _a(Sirsi) i9789508085481
040 _aXTL
_bspa
_cXVF
_dPE-LiUPU
_erda
050 4 _aH62
_b.E34 2008
082 4 _a001.43
_E18
_220
100 1 _aEchevarría, Hugo Darío,
_eautor.
245 1 3 _aLa Investigación Cualitativa y el Análisis Computarizado de Datos /
_cHugo Darío Echevarría.
264 _aBuenos Aires :
_bHomo Sapiens Ediciones,
_c2008.
300 _a166 páginas :
_bilustraciones ;
_c22 centímetros.
336 _atext
_2rdacontent
337 _aunmediated
_2rdamedia
338 _avolume
_2rdacarrier
490 0 _aEducación.
504 _aBibliografía : páginas. 163-165.
505 0 _aLa investigación cualitativa, los datos cualitativos y su análisis -- Funciones en el análisis computarizado de datos cualitativos -- El modelo Richards y Richards -- Los inputs con AQUAD y con el procesador de texto -- Los outputs con AQUAD y con el procesador de texto.
526 _aSEG44
526 _aSEG26
526 _aP151
526 _aP150
526 _aP149
526 _aP146
526 _aP145
526 _aP126
526 _aP125
526 _aP92
526 _aP75
526 _aP74
526 _aP27
526 _aP15
541 _g001-000126;
650 1 4 _aInvestigación cualitativa
_xProcesamiento de datos.
650 1 4 _aInvestigación cualitativa.
910 _ajck
_bebj
_cebj
_d20160711
942 _2ddc
_cBOOK
949 _a001.43 E18
_wDEWEY
_c1
_i74164
_lCCODEBUL1
_mBUL
_p12.18
_r0
_sY
_tBOOK
_u2016-7-18
_xEDUCACION
_PP20
_0COMPRA
_o.STAFF. Colección General
994 _aC0
_bPEPRU
596 _a1
999 _a001.43 E18
_wDEWEY
_c11250
_i74164
_d11250
_e2019-1-21
_f2021-11-4
_g5
_lCCODEBUL1
_mBUL
_n1
_p12.18
_q3
_r0
_sY
_tBOOK
_u2016-7-18
_xBIBLIOTECA
_PP20
_0COMPRA
_o.STAFF. Colección General
980 _81
_gALBERTO SANCHEZ Responsable de Automatización